"Ostforscher"-Biographien
| Titel: | "Ostforscher"-Biographien : Ein Workshop der Abteilung für Osteuropäische Geschichte der Universität Kiel und der Deutschen Forschungsgemeinschaft in Malente, 13.-15. Juli 2001 |
|---|---|
| Verfasser: | |
| In: |
Nordost-Archiv, Band 9, Heft 2 (2000), Seite 507-511 alle Artikel anzeigen |
| Veröffentlicht: | 2000 [2001] |
| Format: | Aufsatz |
| Sprache: | Deutsch |
X
alg: 39229396 001A $01999:11-11-16 001B $06050:19-02-18 $t13:07:58.000 001C $06050:03-07-17 $t11:26:03.000 001D $01999:11-11-16 001U $0utf8 001X $00 002@ $0Aox 003@ $039229396X 007A $039229396X $aHEB 007T $0Herd48779 010@ $ager 011@ $a2000 $n2000 [2001] 021A $a"Ostforscher"-Biographien $dEin Workshop der Abteilung für Osteuropäische Geschichte der Universität Kiel und der Deutschen Forschungsgemeinschaft in Malente, 13.-15. Juli 2001 028A $aPetersen $dHans-Christian 031A $d9 $e2 $h507-511 $j2000 039B $aIn $8--Abvc--. Nordost-Archiv. - Stuttgart : Franz Steiner Verlag, 1968-. - ISSN 0029-1595 $x200000000090002493 $904783837X lok: 39229396 78 exp: 39229396 78 1 #EPN 201B/01 $019-04-17 $t11:09:22.000 201U/01 $0utf8 203@/01 $0788390511 208@/01 $a11-11-16 $be 209A/01 $a/ $f000 $x00 220C/01 $aTitelaufnehmer: cs 244Z/01 $2Trx $#Poola $#Lenkija $#Polija $#Polen Land $#Poland $#Lengyelország $#Poľsko $#Polsko $8--Trx--Polska$gkraj $x01 $9391345966 244Z/01 $2Trx $#Kesk- ja Ida- Euroopa kontseptsioonid $#Vidurio Europos koncepcijos $#East-Central Europe $#Keletközépeurópa-eszmék $#Europa Środkowo-Wschodnia koncepcje $#Európa stredovýchodná koncepcie $#Evropa střední, východní část koncepce $#Mitteleuropa $#Osteuropakonzeptionen $#Europa Środkowa koncepcje $#Stredná Európa koncepcie $#Střední Europa koncepce $8--Trx--Ostmitteleuropakonzeptionen $x02 $9391364286 244Z/01 $2Trx $#"Ostforschung", saksa $#rytų tyrimai Vokietija $#German "Ostforschung" $#kelet-kutatás, német $#"Ostforschung", niemiecka $#Ostforschung, nemecká $#Ostforschung, Německo $8--Trx--Ostforschung, deutsche $x03 $9391370642 244Z/01 $2Trx $#ajaloolased $#istorikai $#historians $#történészek $#historycy $#historici $#historici $8--Trx--Historiker $x04 $9391373544 244Z/01 $2Trx $#biograafia kirjutamine $#biografistika $#biography writing $#életrajzírás $#biografistyka $#biografistika $#životopisectví $8--Trx--Biographistik $x05 $9391365029 244Z/01 $2Trx $8--Trx--Zeitschriftenaufsatz $x06 $9391384341 244Z/01 $2Trx $#tegevusaruanne $#veiklos ataskaitos $#progress reports $#tevékenységi beszámolók $#sprawozdania z działalności $#správy o činnosti $#zprávy o činnosti $8--Trx--Tätigkeitsberichte $x07 $9391354353 244Z/01 $2Trx $#uuringute aruanne $#mokslinės ataskaitos $#Research reports $#kutatói beszámolók $#sprawozdania z badań $#správy výskumné $#zprávy výzkumné $#Literaturberichte $#správy literárne $8--Trx--Forschungsberichte $x08 $9391383523 245Z/01 $a01.05 $x01 247C/01 $82080>Marburg/Lahn, Herder-Institut, Forschungsbibliothek, Bibliographieportal $9336309341
| LEADER | 00000caa a22000002c 4500 | ||
|---|---|---|---|
| 001 | 39229396X | ||
| 003 | DE-603 | ||
| 005 | 20180219130758.0 | ||
| 007 | tu | ||
| 008 | 161111s2000 xx |||| | u00||u|ger c | ||
| 035 | |a (DE-599)HEB39229396X | ||
| 040 | |a DE-603 |b ger |c DE-603 |d DE-603 | ||
| 041 | |a ger | ||
| 100 | 1 | |a Petersen, Hans-Christian | |
| 245 | 0 | 0 | |a "Ostforscher"-Biographien |b Ein Workshop der Abteilung für Osteuropäische Geschichte der Universität Kiel und der Deutschen Forschungsgemeinschaft in Malente, 13.-15. Juli 2001 |
| 264 | 0 | |c 2000 [2001] | |
| 773 | 0 | 8 | |i In |t Nordost-Archiv |d Stuttgart : Franz Steiner Verlag, 1968- |h 24 cm |x 0029-1595 |g Band 9, Heft 2 (2000), Seite 507-511 |w (DE-603)04783837X |w (DE-600)547267-2 |
| 924 | 0 | |9 2080 |a (DE-603)788390511 |b DE-2080 |c HES |d d |g / | |


